|
|
|
|
| LEADER |
01208nam a2200313 a 4500 |
| 001 |
000053568 |
| 003 |
CZ BrMZK |
| 005 |
20210830123840.0 |
| 007 |
ta |
| 008 |
950313s1994 xr f cze d |
| 015 |
|
|
|a cnb000090937
|
| 020 |
|
|
|a 80-901240-4-6
|
| 040 |
|
|
|a BOA001
|b cze
|
| 041 |
1 |
|
|a cze
|h ita
|
| 080 |
|
|
|a 231.73
|2 MRF
|
| 100 |
1 |
|
|a Felici, Icilio,
|d 1892-
|7 xx0026872
|4 aut
|
| 245 |
1 |
0 |
|a Fatima /
|c Icilo Felici ; Podle 4. něm. vyd. přel. P. Jaroslav Gottfried ; Jazyková úprava s přihlédnutím k italskému originálu František Malý
|
| 250 |
|
|
|a 1. čes. vyd.
|
| 260 |
|
|
|a Brno :
|b Salve Regina,
|c 1994
|
| 300 |
|
|
|a 143 s.
|
| 500 |
|
|
|a Dostupné též v digitální podobě v aplikaci Kramerius
|
| 653 |
0 |
|
|a Fatima (Portugalsko)
|a mariánská zjevení
|
| 700 |
1 |
|
|a Malý, František,
|d 1956-
|7 jn20031217039
|4 oth
|
| 700 |
1 |
|
|a Gottfried, Jaroslav
|4 trl
|
| 856 |
4 |
1 |
|u http://www.digitalniknihovna.cz/mzk/uuid/uuid:9716e470-ab86-11ec-8353-005056827e51
|y Digitalizovaný dokument
|x NDK
|
| 910 |
|
|
|a BOA001
|b 2-1015.734
|
| 964 |
|
|
|a Zjevení mariánská
|y Fatima
|
| 990 |
|
|
|a BK
|
| 996 |
6 |
|
|b 2610030271
|c 2-1015.734
|l MZK
|r Sklad / do 1 hodiny
|n 13
|p p.v.
|w 000053568
|u 000010
|a 1
|e BOA001
|j MZK50
|s P
|